| 000 | 00759nam a2200253Ia 4500 | ||
|---|---|---|---|
| 003 | OSt | ||
| 005 | 20221007110947.0 | ||
| 006 | a|||||r|||| 00| 0 | ||
| 007 | ta | ||
| 008 | 221006b |||||||| |||| 00| 0 eng d | ||
| 024 | _a22,269 | ||
| 037 | _cTextual | ||
| 040 |
_aLCO _cLCO _beng |
||
| 041 |
_2eng _aeng |
||
| 082 | _aZ2,5, P4 | ||
| 100 | _aVerma Preeti | ||
| 245 | 0 | _aTerror of Pota and other Security Legislation in india | |
| 260 |
_aNew _bDelhi Human Rights Law Network India _c2004 |
||
| 300 | _a629 | ||
| 500 | _aA Report on the People's Tribunal on the Prevention of Terrorism Act (POTA) and other Security Legislation | ||
| 650 |
_aPOTA _9706073 |
||
| 942 |
_hZ2,5, P4 _cTEXL |
||
| 999 |
_c1191832 _d1191832 |
||